书目信息 |
| 题名: |
时代广场
|
|
| 作者: | 罗小平, 著 | |
| 分册: | ||
| 出版信息: | 石家庄 河北美术出版社 2002 |
|
| 页数: | 57页 | |
| 开本: | 23cm | |
| 丛书名: | 设计时代 | |
| 单 册: | ||
| 中图分类: | J314.8 | |
| 科图分类: | ||
| 主题词: | 陶瓷--tao ci--雕塑--创作--中国--现代 , 陶瓷--tao ci--雕塑--艺术家--访谈录--中国--现代 | |
| 电子资源: | ||
| ISBN: | 7-5310-1899-3 | |
| 000 | 01090nam 2200277 450 | |
| 001 | CAL 012003163540 | |
| 005 | 20070718170523.75 | |
| 010 | @a7-5310-1899-3@dCNY19.80 | |
| 100 | @a20020917d2002 em y0chiy0121 ea | |
| 101 | 0 | @achi |
| 102 | @aCN@b130000 | |
| 105 | @aa z 000yd | |
| 200 | 1 | @a时代广场@Ashi dai guang chang@f罗小平著 |
| 210 | @a石家庄@c河北美术出版社@d2002 | |
| 215 | @a57页@c彩图@d23cm | |
| 225 | 2 | @a设计时代@Ashe ji shi dai@e国内著名艺术设计工作室创意报告@i陶瓷艺术设计类 |
| 314 | @a罗小平(1960~),生于江西,联合国教科文组织国际陶艺协会会员,中国陶瓷协会副秘书长,中国工艺美术学会雕塑委员会副秘书长,美国凤凰城MCC学院任教。著有《时代广场》等。 | |
| 330 | @a本书通过作者的陶瓷艺术作品,介绍了作者从事陶瓷艺术的创作、生活、工作和活动的整体信息。 | |
| 410 | 0 | @12001 @a设计时代 |
| 410 | 0 | @12001 @a陶瓷艺术设计类 |
| 606 | 0 | @a陶瓷@Atao ci@x雕塑@x创作@y中国@z现代 |
| 606 | 0 | @a陶瓷@Atao ci@x雕塑@x艺术家@x访谈录@y中国@z现代 |
| 690 | @aJ314.8@v4 | |
| 701 | 0 | @a罗小平,@Aaluo xiao ping@f1960-@4著 |
| 801 | 0 | @aCN@bPFT@c20070718 |
| 905 | @a10447@dJ314.8@e22 | |
| 时代广场/罗小平著.-石家庄:河北美术出版社,2002 |
| 57页:彩图;23cm.-(设计时代:国内著名艺术设计工作室创意报告.陶瓷艺术设计类) |
| ISBN 7-5310-1899-3:CNY19.80 |
| 本书通过作者的陶瓷艺术作品,介绍了作者从事陶瓷艺术的创作、生活、工作和活动的整体信息。 |
| ● |
| 相关链接 |
|
|
|
|
正题名:时代广场
索取号:J314.8/22
 
预约/预借
| 序号 | 登录号 | 条形码 | 馆藏地/架位号 | 状态 | 备注 |
| 1 | 0780550 | 207805507 | 第一样本阅览室/ [索取号:J314.8/22] | 在馆 | |
| 2 | 0780551 | 207805516 | 第一借阅区/ [索取号:J314.8/22] | 在馆 | |
| 3 | 0780552 | 207805525 | 第一借阅区/ [索取号:J314.8/22] | 在馆 | |
| 4 | 0780553 | 207805534 | 第一借阅区/ [索取号:J314.8/22] | 在馆 | |
| 5 | 0780554 | 207805543 | 第一借阅区/ [索取号:J314.8/22] | 在馆 | |
| 6 | 0780555 | 207805552 | 第一借阅区/ [索取号:J314.8/22] | 在馆 |